Religion Quiz

Random Religion or Bible Quiz

Bible Books by Emoji Quiz Stats

Quiz not verified by Sporcle

Also try: Greek Muses
Challenge
Share
Tweet
Score 0/12 Timer 04:00
1 Play Today
% Correct
Daniel
83%
Jonah
77.3%
Genesis
73.5%
Joshua
57.3%
Numbers
54.5%
John
50.4%
Job
46.7%
1 Corinthians
46.6%
Exodus
46.3%
Psalms
39.1%
1 Samuel
32.4%
Revelation
24.6%

You're not logged in!

Compare scores with friends on all Sporcle quizzes.
Join for Free
OR
Log In

You Might Also Like...

Show Comments

Extras

Top Quizzes Today


Score Distribution

Your Account Isn't Verified!

In order to create a playlist on Sporcle, you need to verify the email address you used during registration. Go to your Sporcle Settings to finish the process.

Report this User

Report this user for behavior that violates our Community Guidelines.

Details: